Fyzika. II a, Elektromagnetické pole /

Hlavní autor: Kopečný, Jan, 1942-
Korporativní autor: Vysoká škola báňská - Technická univerzita Ostrava. Strojní fakulta
Jazyk: Čeština
Vydáno: Ostrava : VŠB-Technická univerzita, 2000
Vydání: 1. vyd.
Témata:
Fyzický popis: 246 s. : il. ; 30 cm
Knihy
Uloženo v:
LEADER 01228nam a2200337 a 4500
001 000487036
003 CZ BrMZK
005 20080829121807.0
007 ta
008 000115s2000 xr e p cze d
020 |a 80-7078-785-6 
040 |a BOA001  |b cze 
072 7 |a 53  |x Fyzika  |2 Konspekt  |9 6 
072 7 |a 37.016  |x Učební osnovy. Vyučovací předměty. Učebnice  |2 Konspekt  |9 22 
080 |a 53  |2 MRF 
080 |a 537.8  |2 MRF 
080 |a (075.8)  |2 MRF 
100 1 |a Kopečný, Jan,  |d 1942-  |7 jn20001005740  |4 aut 
245 1 0 |a Fyzika.  |n II a,  |p Elektromagnetické pole /  |c Jan Kopečný 
246 3 0 |a Elektromagnetické pole 
250 |a 1. vyd. 
260 |a Ostrava :  |b VŠB-Technická univerzita,  |c 2000 
300 |a 246 s. :  |b il. ;  |c 30 cm 
500 |a Určeno pro posl. 2. ročníku fak. stroj. 
650 0 7 |a fyzika  |7 ph114601  |2 czenas 
650 0 7 |a elektromagnetické pole  |7 ph119881  |2 czenas 
655 7 |a učebnice vysokých škol  |7 fd133772  |2 czenas 
710 2 |a Vysoká škola báňská - Technická univerzita Ostrava.  |b Strojní fakulta  |7 kn20010709395 
910 |a BOA001  |b 4-1074.901,2a 
990 |a BK 
996 6 |b 2610118318  |c 4-1074.901,2a  |l MZK  |r Sklad / do 1 hodiny  |n 1  |p p.v.  |w 000487036  |u 000010  |a 1  |e BOA001  |j MZK50  |s P